Creepypasta/Slenderverse characters - Statistics

General Stats
  • This quiz has been taken 117 times
  • The average score is 17 of 46
Answer Stats
Hint Answer % Correct
Creepypasta Slenderman
89%
Marble Hornets Masky
88%
Marble Hornets Hoodie
86%
Creepypasta Jeff The Killer
86%
Creepypasta Jane The Killer
72%
Creepypasta BEN Drowned
69%
Creepypasta Ticci Toby
68%
Creepypasta Eyeless Jack
65%
EverymanHYBRID Alex
58%
Creepypasta Laughing Jack
58%
Creepypasta Sally
56%
Creepypasta Nina The Killer
50%
Creepypasta Smile Dog
46%
Creepypasta Clockwork
44%
Creepypasta The Rake
43%
Marble Hornets Brian Thomas
39%
EverymanHYBRID HABIT
39%
Marble Hornets Tim Wright
39%
Marble Hornets The Operator
38%
Marble Hornets Alex Kralie
36%
Creepypasta Bloody Painter
35%
EverymanHYBRID Evan
35%
Marble Hornets Jay Merrick
35%
Marble Hornets Skully
32%
Creepypasta Homicidal Liu
28%
Marble Hornets Amy
26%
Tribe Twelve Noah Maxwell
26%
Marble Hornets Jessica Locke
25%
Tribe Twelve The Observer
25%
EverymanHYBRID Vincent
25%
Tribe Twelve Firebrand
22%
Creepypasta Kate the Chaser
19%
Creepypasta Judge Angels
18%
Creepypasta Zero
18%
Creepypasta LuLu
17%
Tribe Twelve Milo Asher
17%
Tribe Twelve Sarah
15%
EverymanHYBRID Jeffery
14%
EverymanHYBRID Jessie
14%
Tribe Twelve Kevin Haas
14%
EverymanHYBRID Stephanie
14%
Tribe Twelve The Collective
6%
Tribe Twelve Karl Maxwell
4%
Creepypasta Mary Vaughn
3%
Creepypasta Zaglo
1%
EverymanHYBRID Dr. Corenthal
0%
No matching quizzes found
Score Distribution
Percent of People with Each Score
Percentile by Number Answered
Your Score History
You have not taken this quiz